00617nam a2200133Ia 4500008004100000100002500041245021300066260001600279300001200295650001600307856006800323999001900391952007300410160712s9999 xx 000 0 und d aEusebio, Michelle S. cMichelle S. EusebioaExpansion of Austronesian Languages and their Speakers during the Neolithic as Inferred from Archaeological Evidence and Genetic Diversity in Southeast Asia and Discussed in Five Journals c2012bHukay avol. 17 xARCHAEOLOGY uhttp://journals.upd.edu.ph/index.php/asp/issue/view/422/showToc c297390d297390 001040aCLbCLd2016-07-12l0r2016-07-12 00:00:00w2016-07-12yFEJ